000 00418nam a2200157Ia 4500
008 230711s9999||||xx |||||||||||||| ||und||
041 _aENG
082 _a621
_bTU-I
100 _aTurner,Rufus P.
245 0 _aIllustrated dictionary of electronics
250 _a4th Ed.
260 _c1990
_aNew York
_bTata McGraw Hill Education Limited
650 _aElectronics Engineering
700 _aGibilisco, Stan
942 _cBK
999 _c646
_d646